Historical Spaniards - Statistics

General Stats
  • This quiz has been taken 146 times
  • The average score is 10 of 18
Answer Stats
Hint Answer % Correct
This Queen of Castile had formed spain through marriage Isabella I
95%
Famous sculptor and painter of "Guernica" and "Les Demoiselles d'Avignon" Pablo Picasso
95%
Man who lead the Nationalist forces and became the Caudillo of Spain Francisco Franco
89%
Explorer and conquistador that led the conquest of the Aztecs Hernán Cortés
86%
The King of Aragon had married the above Ferdinand II
85%
Author of "Don Quixote" Miguel de Cervantes
83%
Conquistador known for his conquests in Peru Francisco Pizarro
78%
Painter of "The Persistence of Memory" Salvador Dali
77%
King of Spain, Portugal, Naples, Sicily, Duke of Milan and Lord of the Netherlands Philip II
61%
Chief architect of La Sagrada Familia Antoni Gaudí
59%
King who moved the country back into a Democracy Juan Carlos I
58%
Baroque painter who created "Las Meninas" Diego Velazquez
44%
Castilian knight who reclaimed the city of Valencia from the Moors El Cid
36%
Painter known for his movements in Romanticism Francisco Goya
36%
Poet and playwright who was most likely killed by Nationalist forces in the Spanish Civil War Federico García Lorca
27%
Considered the "Father of Modern Neuroscience" Santiago Ramón y Cajal
9%
Biochemist who won the Nobel Peace Prize in Medicine Severo Ochoa
5%
Undefeated admiral of the Spanish Armada Álvaro de Bazán
2%
No matching quizzes found
Score Distribution
Percent of People with Each Score
Percentile by Number Answered
Your Score History
You have not taken this quiz